[Event "Mumbai Wealth op U13"]
[Site "Mumbai"]
[Date "2016.01.28"]
[Round "1"]
[White "Desai, Sailee"]
[Black "Yutesh, P."]
[Result "0-1"]
[WhiteElo "1111"]
[BlackElo "1788"]
[PlyCount "58"]
[EventDate "2016.01.28"]
[EventType "swiss"]
[EventRounds "9"]
[EventCountry "IND"]
[SourceTitle "CBM 170 Extra"]
[Source "ChessBase"]
[SourceDate "2016.02.25"]
[SourceVersion "1"]
[SourceVersionDate "2016.02.25"]
[SourceQuality "1"]

1. e4 c5 2. d4 cxd4 3. Qxd4 Nc6 4. Qd1 d6 5. Nc3 Nf6 6. Nf3 Bg4 7. Be2 e6 8. h3 Bh5 9. g4 Bg6 10. Bd3 Be7 11. Be3 a6 12. Qe2 Nb4 13. Bc4 Nxe4 14. Nxe4 Bxe4 15. Bd3 Nxd3+ 16. cxd3 Bg6 17. 0-0-0 d5 18. Kb1 Bf6 19. Ka1 a5 20. a3 b5 21. Kb1 b4 22. axb4 axb4 23. Bd2 Qa5 24. Rc1 Bxb2 25. Kc2 Qa4+ 26. Kb1 Qb3 27. Rc8+ Rxc8 28. Nh4 Bc1+ 29. Ka1 Ra8# 0-1